| 000 | 01541nam a2200325 i 4500 | ||
|---|---|---|---|
| 001 | 5232260 | ||
| 003 | CZ PrSKC | ||
| 005 | 20260429111006.0 | ||
| 007 | ta | ||
| 008 | 260420s2026 xr g 000 f cze | ||
| 020 | _a9788027924622 | ||
| 040 |
_aABG001 _bcze _erda |
||
| 072 | 7 |
_a821.162.3-3 _xČeská próza _2Konspekt |
|
| 080 |
_a821.162.3-31 _2MRF |
||
| 080 |
_a(0:82-312.4) _2MRF |
||
| 100 | 1 |
_aNovotná, Martina, _d1983- _4aut _917516 |
|
| 245 | 1 | 0 |
_aVražedné ego / _cMartina Novotná |
| 250 | _aVydání první | ||
| 264 | 1 |
_aBrno : _bMOBA, _c2026 |
|
| 300 |
_a267 stran ; _c19 cm |
||
| 490 | 1 |
_aPůvodní česká detektivka ; _v437. svazek |
|
| 520 | 2 |
_aDetektivní román úspěšné autorky je další ze série, ve které zločiny na Nymbursku opět vyšetřuje známá dvojice kriminalistů. _bCo to tam je? Nějaká mikina či co. To je hrůza, co všechno lidé hodí do vody!“ Problém je ovšem v tom, že ona mikina není prázdná. Má ji na sobě oblečenou muž, jehož tělo bezvládně splývá na hladině řeky Labe protékající královským městem Nymburkem. Pro kapitána Přibyla a poručíka Dvořáka tak začíná nový případ. Musí zjistit, zda se onen utopenec do řeky dostal sám, anebo mu tam někdo pomohl. A pokud ano, tak kdo, a hlavně proč? Nakladatelská anotace. |
|
| 655 | 7 | _ačeské romány | |
| 655 | 7 | _adetektivní romány | |
| 655 | 9 | _aCzech fiction | |
| 655 | 9 | _adetective novels | |
| 710 | 2 |
_aNakladatelství MOBA _4pbl _920521 |
|
| 910 | _aABG508 | ||
| 999 |
_c34240 _d34240 |
||